[Event "SLO-chT 08th"]
[Site "Bled"]
[Date "1998.11.11"]
[Round "5"]
[White "Pavasovic, Dusko"]
[Black "Bukic, Enver"]
[Result "1/2-1/2"]
[WhiteElo "2475"]
[BlackElo "2385"]
[PlyCount "122"]
[EventDate "1998.11.07"]
[EventType "team-tourn"]
[EventRounds "7"]
[EventCountry "SLO"]
[SourceTitle "EXT 2000"]
[Source "ChessBase"]
[SourceDate "1999.11.16"]
[SourceVersion "1"]
[SourceVersionDate "1999.11.16"]
[SourceQuality "1"]
[WhiteTeam "Krsko Triglav"]
[BlackTeam "Ljubljana LSK"]
[WhiteTeamCountry "SLO"]
[BlackTeamCountry "SLO"]

1. e4 c5 2. c3 d5 3. exd5 Qxd5 4. d4 Nf6 5. Nf3 Bg4 6. dxc5 Qxc5 7. Na3 a6 8. Be3 Qc7 9. h3 Bh5 10. Qa4+ Nbd7 11. Bf4 Qc8 12. Ne5 e6 13. g4 Bg6 14. Bg2 Nd5 15. Bxd5 exd5 16. Nxg6 b5 17. Qb3 hxg6 18. 0-0-0 Nc5 19. Qxd5 Be7 20. Bd6 Ra7 21. Qe5 Ne6 22. Bxe7 Rxe7 23. Qd6 Rd7 24. Qb4 Rxd1+ 25. Rxd1 Qc5 26. Qxc5 Nxc5 27. Rd5 Ne6 28. Rd6 Nc7 29. Rd3 Ke7 30. Nc2 Ne6 31. Nb4 Nf4 32. Re3+ Kd6 33. Nd3 Nxh3 34. Ne5 Ng5 35. f4 f6 36. Nxg6 Rh1+ 37. Kc2 Ne6 38. Rd3+ Kc7 39. b4 Rg1 40. f5 Nd8 41. Rd4 Nc6 42. Re4 Rg3 43. Nf4 Kd7 44. Ne6 Ne5 45. g5 Rg2+ 46. Kd1 Ng4 47. Re2 Rg3 48. Kd2 fxg5 49. Nxg5 Nf6 50. Ne6 Kd6 51. Nxg7 Kd5 52. Ne8 Ne4+ 53. Kc2 Rxc3+ 54. Kb2 Rf3 55. Nc7+ Kd4 56. Nxa6 Rxf5 57. Rc2 Nd6 58. Rd2+ Ke5 59. Kc2 Nc4 60. Re2+ Kd4 61. Nc5 Na3+ 1/2-1/2

[Event "Bled op 19th"]
[Site "Bled"]
[Date "1998.??.??"]
[Round "5"]
[White "Bukic, Enver"]
[Black "Jurkovic, Hrvoje"]
[Result "1/2-1/2"]
[WhiteElo "2385"]
[BlackElo "2380"]
[PlyCount "102"]
[EventDate "1998.03.21"]
[EventType "swiss"]
[EventRounds "9"]
[EventCountry "SLO"]
[SourceTitle "EXT 1999"]
[Source "ChessBase"]
[SourceDate "1998.11.16"]
[SourceVersion "1"]
[SourceVersionDate "1998.11.16"]
[SourceQuality "1"]

1. d4 Nf6 2. Nf3 d6 3. c4 Nbd7 4. Nc3 e5 5. e4 c6 6. Be2 Be7 7. 0-0 Qc7 8. Re1 Nf8 9. h3 Ng6 10. Bf1 0-0 11. Rb1 Re8 12. b4 h6 13. Be3 b6 14. b5 Bd7 15. bxc6 Bxc6 16. Nd2 exd4 17. Bxd4 Nd7 18. Nd5 Bxd5 19. cxd5 Bf6 20. Nf3 Nge5 21. Nxe5 Bxe5 22. Bb5 Re7 23. Rc1 Qd8 24. Bxe5 Nxe5 25. Re3 Rc8 26. Rec3 Rxc3 27. Rxc3 Nd7 28. Bxd7 Rxd7 29. Qd4 Rc7 30. Rc6 Rxc6 31. dxc6 Qc7 32. Qd5 Kf8 33. f4 Ke8 34. e5 dxe5 35. fxe5 Qe7 36. Qd6 f6 37. Qb8+ Kf7 38. Qb7 Ke6 39. Kh2 Qb4 40. Qd7+ Kxe5 41. c7 Qf4+ 42. Kg1 Qc1+ 43. Kf2 Qf4+ 44. Ke2 Qe4+ 45. Kd2 Qb4+ 46. Kd3 Qb1+ 47. Kd2 Qb4+ 48. Kc2 Qc4+ 49. Kd1 Qf1+ 50. Kd2 Qf4+ 51. Ke2 Qe4+ 1/2-1/2

[Event "Bled op 19th"]
[Site "Bled"]
[Date "1998.??.??"]
[Round "3"]
[White "Golubovic, Boris"]
[Black "Bukic, Enver"]
[Result "1/2-1/2"]
[WhiteElo "2450"]
[BlackElo "2385"]
[PlyCount "90"]
[EventDate "1998.03.21"]
[EventType "swiss"]
[EventRounds "9"]
[EventCountry "SLO"]
[SourceTitle "EXT 1999"]
[Source "ChessBase"]
[SourceDate "1998.11.16"]
[SourceVersion "1"]
[SourceVersionDate "1998.11.16"]
[SourceQuality "1"]

1. e4 c5 2. Nf3 d6 3. Bb5+ Bd7 4. Bxd7+ Qxd7 5. 0-0 Nc6 6. b3 Nf6 7. Qe2 g6 8. Bb2 Bg7 9. e5 dxe5 10. Nxe5 Nxe5 11. Bxe5 0-0 12. Nc3 Rac8 13. Rfe1 Rfe8 14. a4 a6 15. d3 Rc6 16. Ne4 Nxe4 17. Qxe4 Re6 18. Qf4 Rc8 19. Bxg7 Kxg7 20. Rxe6 Qxe6 21. Qe3 Qf6 22. Re1 e6 23. Qe5 Qxe5 24. Rxe5 b5 25. axb5 axb5 26. Kf1 Kf6 27. Re4 h5 28. Ke2 Ke7 29. Kd2 Rd8 30. h4 Rd5 31. g3 Rf5 32. f4 Kd6 33. b4 cxb4 34. Rxb4 Kc6 35. c3 e5 36. fxe5 Rxe5 37. Rf4 f5 38. Rd4 Re8 39. Rb4 Re7 40. c4 bxc4 41. Rxc4+ Kd5 42. Ra4 Re6 43. Ra5+ Kd4 44. Ra4+ Kd5 45. Ra5+ Kd4 1/2-1/2

[Event "Bled op 19th"]
[Site "Bled"]
[Date "1998.??.??"]
[Round "1"]
[White "Peschel, Andreas"]
[Black "Bukic, Enver"]
[Result "0-1"]
[WhiteElo "2145"]
[BlackElo "2385"]
[PlyCount "74"]
[EventDate "1998.03.21"]
[EventType "swiss"]
[EventRounds "9"]
[EventCountry "SLO"]
[SourceTitle "EXT 1999"]
[Source "ChessBase"]
[SourceDate "1998.11.16"]
[SourceVersion "1"]
[SourceVersionDate "1998.11.16"]
[SourceQuality "1"]

1. d4 Nf6 2. c4 g6 3. Nc3 Bg7 4. e4 d6 5. f4 c5 6. d5 b5 7. cxb5 0-0 8. Nf3 a6 9. a4 Nbd7 10. Bd3 axb5 11. Bxb5 Ne8 12. 0-0 Nc7 13. Bd3 Ba6 14. Bxa6 Rxa6 15. Qe2 Qa8 16. Be3 Rb8 17. Ra2 Rb4 18. e5 Nb6 19. Bd2 Nbxd5 20. Nxd5 Qxd5 21. Bxb4 Qxa2 22. exd6 exd6 23. Qe7 cxb4 24. Qxc7 Ra8 25. Qxd6 Qxb2 26. f5 gxf5 27. Qd5 Rf8 28. Qxf5 h6 29. a5 b3 30. g4 Qf6 31. Qb5 b2 32. a6 Qe6 33. g5 hxg5 34. Nxg5 Qe5 35. Qxe5 Bxe5 36. Nf3 Bg7 37. Rb1 Ra8 0-1

[Event "Ljubljana op 8th"]
[Site "Ljubljana"]
[Date "1997.??.??"]
[Round "2"]
[White "Bozic, Marjan"]
[Black "Bukic, Enver"]
[Result "0-1"]
[WhiteElo "2110"]
[BlackElo "2435"]
[PlyCount "70"]
[EventDate "1997.06.??"]
[EventType "swiss"]
[EventRounds "9"]
[EventCountry "SLO"]
[SourceTitle "EXT 1998"]
[Source "ChessBase"]
[SourceDate "1997.11.17"]
[SourceVersion "1"]
[SourceVersionDate "1997.11.17"]
[SourceQuality "1"]

1. d4 Nf6 2. c4 g6 3. Nc3 Bg7 4. e4 d6 5. Be2 0-0 6. Bg5 Na6 7. Qd2 e5 8. dxe5 dxe5 9. Qxd8 Rxd8 10. Nd5 Rd6 11. Bxf6 Bxf6 12. b4 Kg7 13. c5 Rxd5 14. exd5 Nxb4 15. Rd1 Nxa2 16. d6 Be6 17. Rb1 cxd6 18. cxd6 b6 19. Bd1 Nc3 20. Rc1 Nb5 21. d7 Bxd7 22. Ba4 Bg5 23. Rd1 Nc3 24. Rxd7 Nxa4 25. Nf3 Nc5 26. Rd5 Bf6 27. 0-0 e4 28. Nd2 a5 29. Nc4 Na4 30. Rd7 Nc5 31. Rd5 Ra6 32. Rb1 a4 33. Rd2 Nb3 34. Ra2 b5 35. Rxb3 axb3 0-1

[Event "Ljubljana"]
[Site "Ljubljana"]
[Date "1997.??.??"]
[Round "9"]
[White "Bukic, Enver"]
[Black "Efimov, Igor"]
[Result "1-0"]
[WhiteElo "2435"]
[BlackElo "2530"]
[PlyCount "100"]
[EventDate "1997.05.20"]
[EventType "tourn"]
[EventRounds "11"]
[EventCountry "SLO"]
[EventCategory "9"]
[SourceTitle "CBM 058 Extra"]
[Source "ChessBase"]
[SourceDate "1997.07.29"]
[SourceVersion "1"]
[SourceVersionDate "1997.07.29"]
[SourceQuality "1"]

1. Nf3 c5 2. c4 Nf6 3. Nc3 e6 4. g3 a6 5. Bg2 Nc6 6. 0-0 Be7 7. d4 cxd4 8. Nxd4 0-0 9. Nxc6 bxc6 10. Bf4 Ne8 11. Qa4 g5 12. Be3 Rb8 13. Qc2 f5 14. Rad1 Qc7 15. b3 d5 16. Na4 Rf7 17. cxd5 cxd5 18. Qxc7 Nxc7 19. Rc1 Ba3 20. Rc2 f4 21. Ba7 Rb5 22. Bb6 Rxb6 23. Nxb6 Bb7 24. Rd1 Kg7 25. Nc4 dxc4 26. Bxb7 c3 27. Rd3 Bb2 28. Be4 Kf6 29. Rdxc3 Bxc3 30. Rxc3 Ke5 31. Bf3 Nb5 32. Rc5+ Kf6 33. Rc4 Rd7 34. gxf4 g4 35. Be4 Rd1+ 36. Kg2 h5 37. h3 Nd6 38. Ra4 Nxe4 39. Rxe4 Rd2 40. hxg4 hxg4 41. a4 Kf5 42. Re5+ Kxf4 43. Rxe6 a5 44. e3+ Kf5 45. Ra6 Rd5 46. Rb6 Ke4 47. Rb5 Rd3 48. Rxa5 Rxb3 49. Rg5 Kd3 50. Rxg4 Ra3 1-0

[Event "SLO-chT 07th"]
[Site "Ljubljana"]
[Date "1997.??.??"]
[Round "?"]
[White "Bukic, Enver"]
[Black "Osterman, Rudolf"]
[Result "0-1"]
[WhiteElo "2405"]
[BlackElo "2400"]
[PlyCount "72"]
[EventDate "1997.07.??"]
[EventType "team-tourn"]
[EventRounds "7"]
[EventCountry "SLO"]
[SourceTitle "CBM 061 Extra"]
[Source "ChessBase"]
[SourceDate "1998.03.09"]
[SourceVersion "1"]
[SourceVersionDate "1998.03.09"]
[SourceQuality "1"]
[WhiteTeam "Ljubljana LSK"]
[BlackTeam "Maribor Inntal Kovinar"]
[WhiteTeamCountry "SLO"]
[BlackTeamCountry "SLO"]

1. Nf3 Nf6 2. c4 g6 3. Nc3 Bg7 4. e4 d6 5. d4 0-0 6. Be2 e5 7. 0-0 Nc6 8. d5 Ne7 9. Bg5 Nh5 10. Ne1 Nf4 11. Nd3 Nxd3 12. Bxd3 h6 13. Be3 f5 14. f3 f4 15. Bf2 g5 16. c5 Ng6 17. cxd6 cxd6 18. Rc1 Rf7 19. Be2 Bf8 20. Qc2 Bd7 21. Qb3 h5 22. Nb5 g4 23. Nc7 g3 24. Nxa8 gxf2+ 25. Rxf2 Qxa8 26. Bb5 Qe8 27. Bxd7 Qxd7 28. Qc4 Qd8 29. Qc8 Qb6 30. Qc3 Be7 31. Qb3 Bd8 32. Kf1 Qa6+ 33. Qc4 Rc7 34. b3 Rxc4 35. Rxc4 Bb6 36. Rfc2 Bc5 0-1

[Event "Ljubljana"]
[Site "Ljubljana"]
[Date "1997.??.??"]
[Round "1"]
[White "Bukic, Enver"]
[Black "Vukic, Milan"]
[Result "1/2-1/2"]
[WhiteElo "2435"]
[BlackElo "2490"]
[PlyCount "34"]
[EventDate "1997.05.20"]
[EventType "tourn"]
[EventRounds "11"]
[EventCountry "SLO"]
[EventCategory "9"]
[SourceTitle "CBM 058 Extra"]
[Source "ChessBase"]
[SourceDate "1997.07.29"]
[SourceVersion "1"]
[SourceVersionDate "1997.07.29"]
[SourceQuality "1"]

1. d4 Nf6 2. c4 g6 3. Nc3 Bg7 4. e4 d6 5. Nf3 0-0 6. Be2 e5 7. dxe5 dxe5 8. Qxd8 Rxd8 9. Bg5 Nbd7 10. 0-0-0 Rf8 11. Nd2 c6 12. Be3 Re8 13. f3 Bf8 14. Nb3 Nh5 15. g3 Ng7 16. a3 Ne6 17. Na4 b6 1/2-1/2

[Event "Ljubljana"]
[Site "Ljubljana"]
[Date "1997.??.??"]
[Round "10"]
[White "Farago, Ivan"]
[Black "Bukic, Enver"]
[Result "1/2-1/2"]
[WhiteElo "2440"]
[BlackElo "2435"]
[PlyCount "86"]
[EventDate "1997.05.20"]
[EventType "tourn"]
[EventRounds "11"]
[EventCountry "SLO"]
[EventCategory "9"]
[SourceTitle "CBM 058 Extra"]
[Source "ChessBase"]
[SourceDate "1997.07.29"]
[SourceVersion "1"]
[SourceVersionDate "1997.07.29"]
[SourceQuality "1"]

1. d4 Nf6 2. c4 g6 3. Nc3 Bg7 4. e4 d6 5. Be2 0-0 6. Bg5 Na6 7. Qd2 e5 8. d5 Qe8 9. Bd1 Bd7 10. Nge2 Nc5 11. Bc2 a5 12. f3 h5 13. 0-0 Nh7 14. Be3 b6 15. Rae1 Qe7 16. Kh1 Bf6 17. Qd1 Bg7 18. a3 Rfb8 19. Nb5 Bxb5 20. cxb5 Bf6 21. Nc3 Bg5 22. Bg1 Rf8 23. Qe2 h4 24. g3 Nd7 25. f4 Bh6 26. Qc4 Rac8 27. Bd1 Nhf6 28. Be3 Kg7 29. Kg2 Rh8 30. Bf3 Kg8 31. Kf2 Bg7 32. Ke2 Nh5 33. Bxh5 Rxh5 34. Kd1 hxg3 35. hxg3 exf4 36. gxf4 Rh2 37. Kc1 Qh4 38. Kb1 Nc5 39. Nd1 Re8 40. Bf2 Qg4 41. Ka2 Qd7 42. Bg1 Rg2 43. Bf2 Rg4 1/2-1/2

[Event "Bled op 18th"]
[Site "Bled"]
[Date "1997.??.??"]
[Round "7"]
[White "Gaprindashvili, Nona"]
[Black "Bukic, Enver"]
[Result "1-0"]
[WhiteElo "2350"]
[BlackElo "2435"]
[PlyCount "85"]
[EventDate "1997.03.15"]
[EventType "swiss"]
[EventRounds "9"]
[EventCountry "SLO"]
[SourceTitle "CBM 057 Extra"]
[Source "ChessBase"]
[SourceDate "1997.05.01"]
[SourceVersion "1"]
[SourceVersionDate "1997.05.01"]
[SourceQuality "1"]

1. d4 Nf6 2. c4 g6 3. Nc3 Bg7 4. g3 0-0 5. Bg2 d6 6. Nf3 c6 7. 0-0 Bf5 8. Ne1 e5 9. d5 cxd5 10. cxd5 Na6 11. e4 Bg4 12. f3 Bc8 13. Be3 Ne8 14. Nd3 f5 15. b4 f4 16. Bf2 Qg5 17. g4 h5 18. h3 Nac7 19. a4 Nf6 20. Qd2 Rf7 21. Rfc1 Nce8 22. b5 Bf8 23. a5 a6 24. Nb4 axb5 25. Bb6 Qh4 26. Nxb5 hxg4 27. hxg4 Nd7 28. Bf2 Qd8 29. Nd3 Ndf6 30. Bb6 Qe7 31. Nc7 Nxc7 32. Rxc7 Qe8 33. Rxf7 Qxf7 34. Bf1 Nd7 35. Bf2 Be7 36. Nb2 Bd8 37. Nc4 Qe7 38. Qb2 Bc7 39. Rc1 Qd8 40. Qb4 Kg7 41. Kg2 Nf6 42. Bb6 Ne8 43. Nxd6 1-0

[Event "Ljubljana"]
[Site "Ljubljana"]
[Date "1997.??.??"]
[Round "4"]
[White "Grosar, Aljosa"]
[Black "Bukic, Enver"]
[Result "1/2-1/2"]
[WhiteElo "2495"]
[BlackElo "2435"]
[PlyCount "159"]
[EventDate "1997.05.20"]
[EventType "tourn"]
[EventRounds "11"]
[EventCountry "SLO"]
[EventCategory "9"]
[SourceTitle "CBM 058 Extra"]
[Source "ChessBase"]
[SourceDate "1997.07.29"]
[SourceVersion "1"]
[SourceVersionDate "1997.07.29"]
[SourceQuality "1"]

1. e4 c5 2. Nf3 d6 3. Bb5+ Bd7 4. Bxd7+ Nxd7 5. 0-0 Ngf6 6. Qe2 e6 7. b3 Be7 8. Bb2 0-0 9. c4 Re8 10. Nc3 e5 11. Ne1 Nf8 12. g3 Ne6 13. Ng2 Bf8 14. Ne3 g6 15. Qd3 Bg7 16. Ncd5 Nd7 17. Bc3 Nd4 18. a3 Rc8 19. b4 Qg5 20. Bxd4 exd4 21. f4 Qh5 22. Ng2 b5 23. Rac1 bxc4 24. Rxc4 Nb6 25. Nxb6 axb6 26. Rcc1 d5 27. e5 f6 28. bxc5 bxc5 29. Qb5 Bf8 30. Qb7 fxe5 31. fxe5 Qxe5 32. Qf7+ Kh8 33. Rce1 Qb8 34. Nf4 Rxe1 35. Rxe1 Qc7 36. Qxc7 Rxc7 37. Re8 Rf7 38. Ne6 Kg8 39. a4 c4 40. Nxd4 Re7 41. Rd8 Re4 42. Nb5 d4 43. a5 c3 44. dxc3 dxc3 45. Nxc3 Re1+ 46. Kg2 Ra1 47. Ra8 Kf7 48. Ne4 Be7 49. Kf3 h5 50. a6 Ra2 51. a7 Ra5 52. h4 Kg7 53. Ke3 Kf7 54. Kd3 Ke6 55. Nc3 Kd7 56. Kc4 Rc5+ 57. Kd4 Ra5 58. Nb5 Rxb5 59. Rd8+ Bxd8 60. a8Q Rb6 61. Kc5 Rf6 62. Qd5+ Ke8 63. Qg8+ Kd7 64. Qd5+ Ke8 65. Kd4 Be7 66. Qg8+ Kd7 67. Ke5 Rf5+ 68. Ke4 Rf6 69. Kd4 Re6 70. Kd5 Rf6 71. Qa8 Rf5+ 72. Ke4 Rf6 73. Qa4+ Kd8 74. Qc4 Kd7 75. Qb5+ Kd8 76. Qa4 Rf5 77. Qc6 Rf6 78. Qb5 Bd6 79. Qa4 Ke7 80. Qa7+ 1/2-1/2

[Event "Bled op 18th"]
[Site "Bled"]
[Date "1997.??.??"]
[Round "1"]
[White "Lyell, Mark"]
[Black "Bukic, Enver"]
[Result "0-1"]
[WhiteElo "2225"]
[BlackElo "2435"]
[PlyCount "48"]
[EventDate "1997.03.15"]
[EventType "swiss"]
[EventRounds "9"]
[EventCountry "SLO"]
[SourceTitle "CBM 057 Extra"]
[Source "ChessBase"]
[SourceDate "1997.05.01"]
[SourceVersion "1"]
[SourceVersionDate "1997.05.01"]
[SourceQuality "1"]

1. e4 c5 2. c3 d5 3. exd5 Qxd5 4. d4 Nf6 5. Nf3 Bg4 6. Nbd2 Nc6 7. Qa4 cxd4 8. cxd4 Bd7 9. Bc4 Qa5 10. Qb3 e6 11. 0-0 Bb4 12. a3 0-0 13. Qd3 Be7 14. b4 Qh5 15. Nb3 b5 16. Bxb5 Nxb4 17. axb4 Bxb5 18. Qd1 Bxf1 19. Qxf1 Bxb4 20. Ne5 a5 21. f3 Qf5 22. Ra2 h5 23. Be3 Rfc8 24. Nc1 Nd5 0-1

[Event "Bled op 18th"]
[Site "Bled"]
[Date "1997.??.??"]
[Round "3"]
[White "Sutovsky, Emil"]
[Black "Bukic, Enver"]
[Result "1-0"]
[WhiteElo "2560"]
[BlackElo "2435"]
[PlyCount "99"]
[EventDate "1997.03.15"]
[EventType "swiss"]
[EventRounds "9"]
[EventCountry "SLO"]
[SourceTitle "CBM 057 Extra"]
[Source "ChessBase"]
[SourceDate "1997.05.01"]
[SourceVersion "1"]
[SourceVersionDate "1997.05.01"]
[SourceQuality "1"]

1. e4 c5 2. Nf3 d6 3. d4 cxd4 4. Nxd4 Nf6 5. Nc3 a6 6. Be2 e5 7. Nb3 Be7 8. 0-0 0-0 9. Kh1 Qc7 10. a4 b6 11. Be3 Be6 12. Nd5 Bxd5 13. exd5 Nbd7 14. c4 a5 15. Nd2 Nc5 16. Nb1 Qd7 17. f3 Nh5 18. Nc3 f5 19. Nb5 f4 20. Bxc5 bxc5 21. Bd3 g6 22. Ra3 Bh4 23. Kg1 Ng7 24. Rb3 Rab8 25. Nc3 Rb4 26. Na2 Rxb3 27. Qxb3 Qc7 28. Nc3 Rb8 29. Nb5 Qd7 30. Qc3 Bd8 31. Kf2 Nf5 32. Bxf5 gxf5 33. g3 fxg3+ 34. hxg3 Ra8 35. Qc1 Bf6 36. Qh6 Rf8 37. Rh1 Rf7 38. Rh5 e4 39. f4 Bd4+ 40. Ke2 Bf6 41. b3 e3 42. Kxe3 Qe7+ 43. Kd2 Qe4 44. Rh2 Qb1 45. Re2 Re7 46. Rxe7 Bxe7 47. Qe6+ Kf8 48. Nxd6 Bxd6 49. Qxd6+ Kg7 50. Qe5+ 1-0

[Event "SLO-chT 06th"]
[Site "Bled"]
[Date "1996.??.??"]
[Round "3"]
[White "Bukic, Enver"]
[Black "Dizdar, Goran"]
[Result "1/2-1/2"]
[WhiteElo "2435"]
[BlackElo "2535"]
[PlyCount "62"]
[EventDate "1996.??.??"]
[EventType "team-tourn"]
[EventRounds "7"]
[EventCountry "SLO"]
[SourceTitle "CBM 055 Extra"]
[Source "ChessBase"]
[SourceDate "1997.01.01"]
[SourceVersion "1"]
[SourceVersionDate "1997.01.01"]
[SourceQuality "1"]
[WhiteTeam "Ljubljana LSK"]
[BlackTeam "Krsko Triglav"]
[WhiteTeamCountry "SLO"]
[BlackTeamCountry "SLO"]

1. d4 Nf6 2. Nf3 d5 3. c4 e6 4. Nc3 Bb4 5. cxd5 exd5 6. Qa4+ Nc6 7. Bg5 h6 8. Bxf6 Qxf6 9. e3 0-0 10. Be2 a6 11. 0-0 Be6 12. Rfc1 Bd6 13. Qd1 Rad8 14. Na4 Bc8 15. Nc5 Rfe8 16. Nd3 g5 17. Rc3 h5 18. Nd2 g4 19. Nf1 Qg5 20. g3 h4 21. Nf4 hxg3 22. fxg3 Ne7 23. Rac1 c6 24. Bd3 Nf5 25. R1c2 Bb4 26. Rb3 Bf8 27. Bxf5 Bxf5 28. Rxb7 Bxc2 29. Qxc2 Rc8 30. b4 Qf6 31. Qd3 Bd6 1/2-1/2

[Event "SLO-chT 06th"]
[Site "Bled"]
[Date "1996.??.??"]
[Round "1"]
[White "Bukic, Enver"]
[Black "Grosar, Aljosa"]
[Result "1/2-1/2"]
[WhiteElo "2435"]
[BlackElo "2485"]
[PlyCount "91"]
[EventDate "1996.??.??"]
[EventType "team-tourn"]
[EventRounds "7"]
[EventCountry "SLO"]
[SourceTitle "CBM 055 Extra"]
[Source "ChessBase"]
[SourceDate "1997.01.01"]
[SourceVersion "1"]
[SourceVersionDate "1997.01.01"]
[SourceQuality "1"]
[WhiteTeam "Ljubljana LSK"]
[BlackTeam "Nova Gorica"]
[WhiteTeamCountry "SLO"]
[BlackTeamCountry "SLO"]

1. d4 Nf6 2. c4 e6 3. Nf3 b6 4. g3 Ba6 5. b3 Bb7 6. Bg2 Bb4+ 7. Bd2 a5 8. 0-0 0-0 9. Nc3 Ne4 10. Nxe4 Bxe4 11. a3 Bxd2 12. Qxd2 d5 13. Rfc1 Nd7 14. Qf4 c5 15. Ne5 cxd4 16. Nxd7 Qxd7 17. Bxe4 dxe4 18. Qxe4 Rfd8 19. Rd1 Rac8 20. f4 a4 21. Rab1 axb3 22. Rxb3 Rxc4 23. Rxb6 Qa7 24. Rdb1 Qxa3 25. Rb8 Qf8 26. Qe5 Rcc8 27. Rxc8 Rxc8 28. Qxd4 h6 29. Rb7 Qa3 30. Kf2 Qc1 31. Qd7 Rf8 32. Qc7 Qh1 33. h4 Qh2+ 34. Kf3 Qh1+ 35. Kf2 Qh2+ 36. Kf3 Qg1 37. Rb8 Qf1+ 38. Ke3 Qg1+ 39. Kf3 Rxb8 40. Qxb8+ Kh7 41. Qe5 Qh1+ 42. Kf2 Qh2+ 43. Kf3 Qg1 44. h5 Qf1+ 45. Ke3 Qh3 46. Qe4+ 1/2-1/2

[Event "SLO-chT 06th"]
[Site "Bled"]
[Date "1996.??.??"]
[Round "6"]
[White "Bukic, Enver"]
[Black "Zupe, Miran"]
[Result "0-1"]
[WhiteElo "2435"]
[BlackElo "2410"]
[PlyCount "152"]
[EventDate "1996.??.??"]
[EventType "team-tourn"]
[EventRounds "7"]
[EventCountry "SLO"]
[SourceTitle "CBM 055 Extra"]
[Source "ChessBase"]
[SourceDate "1997.01.01"]
[SourceVersion "1"]
[SourceVersionDate "1997.01.01"]
[SourceQuality "1"]
[WhiteTeam "Ljubljana LSK"]
[BlackTeam "Radenska Pomgrad"]
[WhiteTeamCountry "SLO"]
[BlackTeamCountry "SLO"]

1. d4 Nf6 2. Nf3 e6 3. c4 Bb4+ 4. Nbd2 d5 5. Qa4+ Nc6 6. a3 Bxd2+ 7. Bxd2 Ne4 8. Rd1 0-0 9. g3 Ne7 10. Bg2 Bd7 11. Qc2 Nxd2 12. Rxd2 Ng6 13. 0-0 c6 14. e4 dxe4 15. Qxe4 Qc7 16. Rfd1 Rad8 17. h4 Rfe8 18. h5 Nf8 19. h6 Ng6 20. hxg7 Bc8 21. Qe3 Kxg7 22. Ne5 Qe7 23. c5 f6 24. Nc4 Rf8 25. Nd6 Rxd6 26. cxd6 Qxd6 27. Qc3 a6 28. Qc5 Qd8 29. Bf3 Rf7 30. Kg2 f5 31. Qc3 Qf6 32. Rh1 Rd7 33. Qe3 Kg8 34. Qh6 Rg7 35. Bh5 Qe7 36. Bxg6 Rxg6 37. Qf4 Qd8 38. f3 Rg7 39. Rh5 Bd7 40. Qd6 Qe7 41. Qxe7 Rxe7 42. Kf2 Rg7 43. Rh3 Be8 44. Ke3 Bg6 45. Kf4 Rd7 46. Rhh2 Kf7 47. Rhe2 Kf6 48. Re5 Rd6 49. Ra5 h5 50. Ke3 Ke7 51. Rh2 Rd8 52. Rh4 Kd6 53. Kf4 Rg8 54. Rh3 Be8 55. b4 Rg7 56. Rc5 Rg8 57. Rh4 Rf8 58. a4 Rg8 59. Rh3 Rg7 60. Rh2 Rg8 61. b5 cxb5 62. axb5 Bxb5 63. Rxh5 Bc6 64. Rh7 Rf8 65. Rg7 Ra8 66. g4 fxg4 67. fxg4 a5 68. g5 a4 69. g6 a3 70. Rc1 a2 71. Ra1 b5 72. Rf7 b4 73. g7 b3 74. Rf8 b2 75. g8Q bxa1Q 76. Rd8+ Kc7 0-1

[Event "SLO-chT 06th"]
[Site "Bled"]
[Date "1996.??.??"]
[Round "2"]
[White "Dezelak, Brane"]
[Black "Bukic, Enver"]
[Result "1-0"]
[WhiteElo "2155"]
[BlackElo "2435"]
[PlyCount "69"]
[EventDate "1996.??.??"]
[EventType "team-tourn"]
[EventRounds "7"]
[EventCountry "SLO"]
[SourceTitle "CBM 055 Extra"]
[Source "ChessBase"]
[SourceDate "1997.01.01"]
[SourceVersion "1"]
[SourceVersionDate "1997.01.01"]
[SourceQuality "1"]
[WhiteTeam "Kranj Tomo Zupan"]
[BlackTeam "Ljubljana LSK"]
[WhiteTeamCountry "SLO"]
[BlackTeamCountry "SLO"]

1. d4 Nf6 2. c4 g6 3. Nc3 Bg7 4. e4 d6 5. Nf3 0-0 6. Be2 Na6 7. 0-0 e5 8. d5 Nc5 9. Nd2 a5 10. Qc2 Ne8 11. Nb3 b6 12. Nxc5 bxc5 13. a4 f5 14. exf5 gxf5 15. f4 e4 16. Ra3 Bd4+ 17. Kh1 Rf6 18. Nb5 Rh6 19. Rg3+ Kf8 20. Bd2 Bd7 21. Bc3 Qf6 22. Qd2 Bxb5 23. axb5 a4 24. Rd1 Rh4 25. Bxd4 cxd4 26. Qxd4 Qh6 27. h3 Qxf4 28. Qh8+ Ke7 29. Qg8 Qe5 30. Rg5 Qf6 31. Bh5 Kd7 32. Rf1 f4 33. Qxh7+ Kc8 34. Bg4+ Rxg4 35. Rxg4 1-0

[Event "SLO-ch"]
[Site "Vrhnika"]
[Date "1995.??.??"]
[Round "?"]
[White "Bukic, Enver"]
[Black "Jelen, Igor"]
[Result "1-0"]
[WhiteElo "2440"]
[BlackElo "2400"]
[PlyCount "72"]
[EventDate "1995.??.??"]
[EventType "tourn"]
[EventRounds "11"]
[EventCountry "SLO"]
[SourceTitle "EXT 1998"]
[Source "ChessBase"]
[SourceDate "1997.11.17"]
[SourceVersion "1"]
[SourceVersionDate "1997.11.17"]
[SourceQuality "1"]

1. Nf3 Nf6 2. c4 c5 3. Nc3 d5 4. cxd5 Nxd5 5. d4 Nxc3 6. bxc3 g6 7. Bg5 Bg7 8. e3 0-0 9. Be2 Nc6 10. 0-0 cxd4 11. cxd4 Be6 12. Qa4 a6 13. Rfc1 Qd7 14. Qa3 Bd5 15. Bf4 Rfe8 16. Qb2 f6 17. Bg3 e5 18. Bc4 Bxc4 19. Rxc4 exd4 20. exd4 Rad8 21. Rf1 b5 22. Rc5 Nxd4 23. Nxd4 Qxd4 24. Qb3+ Kh8 25. Rc6 Ra8 26. h3 f5 27. Rd1 Qe4 28. Rc7 Re7 29. Rdd7 Rxd7 30. Rxd7 f4 31. Bh4 Qf5 32. Rf7 Qe5 33. Re7 Qd4 34. Qf7 h6 35. Qxg6 f3 36. Rxg7 Qxg7 1-0

[Event "Portoroz op"]
[Site "Portoroz"]
[Date "1995.??.??"]
[Round "?"]
[White "Bukic, Enver"]
[Black "Psakhis, Lev"]
[Result "0-1"]
[WhiteElo "2445"]
[BlackElo "2625"]
[PlyCount "30"]
[EventDate "1995.04.??"]
[EventType "swiss"]
[EventRounds "9"]
[EventCountry "SLO"]
[SourceTitle "CBM 046 Extra"]
[Source "ChessBase"]
[SourceDate "1995.07.01"]
[SourceVersion "1"]
[SourceVersionDate "1995.07.01"]
[SourceQuality "1"]

1. d4 e6 2. c4 Nf6 3. Nf3 b6 4. e3 Bb7 5. Bd3 c5 6. 0-0 g6 7. b3 Bg7 8. Bb2 0-0 9. Nc3 Nc6 10. dxc5 bxc5 11. Na4 d6 12. Rc1 Qe7 13. Qe2 Ng4 14. Bxg7 Kxg7 15. Qb2+ Kg8 0-1

[Event "SLO-ch"]
[Site "Vrhnika"]
[Date "1995.??.??"]
[Round "?"]
[White "Susnik, Matej"]
[Black "Bukic, Enver"]
[Result "1-0"]
[WhiteElo "2190"]
[BlackElo "2445"]
[PlyCount "101"]
[EventDate "1995.??.??"]
[EventType "tourn"]
[EventRounds "11"]
[EventCountry "SLO"]
[SourceTitle "EXT 1998"]
[Source "ChessBase"]
[SourceDate "1997.11.17"]
[SourceVersion "1"]
[SourceVersionDate "1997.11.17"]
[SourceQuality "1"]

1. e4 c5 2. Nf3 d6 3. d4 cxd4 4. Nxd4 Nf6 5. Nc3 a6 6. Bc4 e6 7. Bb3 b5 8. f4 Bb7 9. f5 e5 10. Nde2 Nbd7 11. Bg5 Be7 12. Ng3 Rc8 13. Nh5 Nxh5 14. Qxh5 0-0 15. Bxe7 Qxe7 16. Qe2 Rxc3 17. bxc3 Qh4+ 18. g3 Qxe4 19. Qxe4 Bxe4 20. Rf1 d5 21. a4 bxa4 22. Rxa4 Nc5 23. Ra5 Rc8 24. Kd2 h5 25. f6 gxf6 26. Rxf6 Kg7 27. Rb6 Rc7 28. Ba4 d4 29. Bc6 Nd7 30. Bxd7 Rxd7 31. Rxe5 dxc3+ 32. Kxc3 Rc7+ 33. Kd4 Bxc2 34. Rxh5 Bg6 35. Rc5 Re7 36. Re5 Rd7+ 37. Rd5 Re7 38. Re5 Rd7+ 39. Rd5 Re7 40. Rb2 Re4+ 41. Kc5 Ra4 42. Rdd2 Kh6 43. Ra2 Rxa2 44. Rxa2 Bd3 45. Kd4 Bb5 46. Rf2 Kg7 47. Ke3 Bc4 48. Rf5 Kg6 49. Re5 Bb5 50. Kf4 f6 51. Re7 1-0